00474nam a22001577a 450000500170000000800410001702000150005804100130007308200150008610000320010124500590013325000180019226000470021030000340025765000250029120231101143708.0231101b |||||||| |||| 00| 0 eng d a0702127493 aEnglish  a346.7 GEN  aHavenga, P et al.lEnglish  aGeneral Principles of Commercial LawcP Havenga et al. aFirst Edition aCape Town : bJuta and Company Ltd, c1992 bvii, 229 pages ; c25, 5 cm.  aLegal practice bLaw